000 00254nam a2200097Ia 4500
008 220204s9999 xx 000 0 und d
082 _aNR:63:5+6
_bRUB;2
245 0 _aRubber: Vithu muthal vipani vare
260 _aKottayam
_bRubber Board
_c1990
942 _cBK
999 _c34325
_d34325